Keane's essentials of medical-surgical nursing. (Record no. 1469)

MARC details
000 -LEADER
fixed length control field 01392pam a2200421 a 4500
001 - CONTROL NUMBER
control field data
005 - DATE AND TIME OF LATEST TRANSACTION
control field 20260322212102.0
008 - FIXED-LENGTH DATA ELEMENTS--GENERAL INFORMATION
fixed length control field data
035 ## - SYSTEM CONTROL NUMBER
System control number 4379033
010 ## - LIBRARY OF CONGRESS CONTROL NUMBER
LC control number 91025733
020 ## - INTERNATIONAL STANDARD BOOK NUMBER
International Standard Book Number 0721634516
020 ## - INTERNATIONAL STANDARD BOOK NUMBER
International Standard Book Number 9780721634517
035 ## - SYSTEM CONTROL NUMBER
-- (DLC) 91025733
040 ## - CATALOGING SOURCE
Original cataloging agency DNLM/DLC
Transcribing agency DLC
Modifying agency DLC
050 00 - LIBRARY OF CONGRESS CALL NUMBER
Classification number RT41
Item number .D44 1992
060 ## - NATIONAL LIBRARY OF MEDICINE CALL NUMBER
Classification number WY 150 D521k
082 00 - DEWEY DECIMAL CLASSIFICATION NUMBER
Classification number 610.73
Edition information 20
100 1# - MAIN ENTRY--PERSONAL NAME
Personal name DeWit, Susan C.
245 10 - TITLE STATEMENT
Title Keane's essentials of medical-surgical nursing.
250 ## - EDITION STATEMENT
Edition statement 3rd ed. /
Remainder of edition statement Susan C. deWit.
260 ## - PUBLICATION, DISTRIBUTION, ETC.
Place of publication, distribution, etc. Philadelphia :
Name of publisher, distributor, etc. Saunders,
Date of publication, distribution, etc. c1992.
300 ## - PHYSICAL DESCRIPTION
Extent xxv, 944 p. :
Other physical details ill. ;
Dimensions 29 cm.
336 ## - CONTENT TYPE
Content type term text
Content type code txt
Source rdacontent
337 ## - MEDIA TYPE
Media type term unmediated
Media type code n
Source rdamedia
338 ## - CARRIER TYPE
Carrier type term volume
Carrier type code nc
Source rdacarrier
500 ## - GENERAL NOTE
General note Rev. ed. of: Essentials of medical-surgical nursing / Claire Brackman Keane. 2nd ed. 1986.
504 ## - BIBLIOGRAPHY, ETC. NOTE
Bibliography, etc. note Includes bibliographical references and index.
650 #0 - SUBJECT ADDED ENTRY--TOPICAL TERM
Topical term or geographic name entry element Nursing.
650 #0 - SUBJECT ADDED ENTRY--TOPICAL TERM
Topical term or geographic name entry element Surgical nursing.
650 #2 - SUBJECT ADDED ENTRY--TOPICAL TERM
Topical term or geographic name entry element Nursing.
650 #2 - SUBJECT ADDED ENTRY--TOPICAL TERM
Topical term or geographic name entry element Surgical Nursing.
700 1# - ADDED ENTRY--PERSONAL NAME
Personal name Keane, Claire Brackman.
Title of a work Essentials of medical-surgical nursing.
740 0# - ADDED ENTRY--UNCONTROLLED RELATED/ANALYTICAL TITLE
Uncontrolled related/analytical title Essentials of medical-surgical nursing.
906 ## - LOCAL DATA ELEMENT F, LDF (RLIN)
a 7
b cbc
c orignew
d 1
e ocip
f 19
g y-gencatlg
991 ## -
-- c-GenColl
-- RT41
-- .D44 1992
-- Copy 1
-- BOOKS
Holdings
Withdrawn status Lost status Damaged status Not for loan Home library Current library Shelving location Date acquired Total checkouts Full call number Barcode Date last seen Price effective from Koha item type
        Riverside Riverside General stacks 22/03/2026   610.73 LOC-RPL-00016 22/03/2026 22/03/2026 Books